00735 2200241 4500001002100000005001700021008004100038020002200079035002400101040001200125082001500137084002100152100003400173245008900207250001000296260002700306300003800333504003000371650004000401700001800441850001200459990002200471INLIS00000000002614720170313093228.0  a978-979-29-5591-0 0010-031700000000257 aYOPDYOG 223a006.68 aDEP 006.68 Pul K aPULUNG Nurtantio Andono, 1982 aKonsep grafika komputerc/ Pulung Nurtantio Andono, T. Sutojo; Editor, Erang Risanto aEd. 1 aYogyakartabAndic2016 aviii, 254 hlm.b: ilus.c; 23 cm. aBibliografi: hlm. 253-254 aKomputer Grafika (Program Komputer) aERANG Risanto aYOPDYOG aCB-D.11/2016-1635